000 00679nam a2200217Ia 4500
003 GCL
008 140319s9999 xx 000 0 ara d
040 _aGCL /
_cGCL
082 0 4 _a813.009
_bف ر
100 1 _aسمير سرحان
245 1 0 _aالرجل والقمة :
_bبحوث ودراسات /
_cسمير سرحان
700 1 _aفاضل الاسود
260 _aالقاهرة :
_bالهيئة المصرية العامة للكتاب ،
_c1989
300 _a770 ص ؛
_c24 سم
490 _a
650 0 4 _aالادب العربى
650 0 4 _aالقصص العربية
650 0 4 _aنجيب محفوظ
650 0 4 _aتاريخ ونقد
942 _2ddc
_cBK
999 _c29716
_d29716